| 000 | 00522nam a2200169 a 4500 | ||
|---|---|---|---|
| 005 | 20140412111304.0 | ||
| 008 | 030414s19uu xx 00 eng d | ||
| 050 |
_aER _bGi35 |
||
| 245 |
_aThe girl who wanted to be a witch / _cedited by T. R. Bhanot. |
||
| 260 |
_aNai Sarak, Delhi : _bDreamland Publications. |
||
| 300 | _a1 v. (unp.) ; ill. | ||
| 440 | _aDreamland Publications, Title # 15 | ||
| 500 | _aTitle includes: Fearless John | ||
| 650 | _aWitches--Fiction | ||
| 650 | _aFearless--Fiction | ||
| 999 |
_c103572 _d103572 |
||